Does India Have... - Statistics

General Stats
  • This quiz has been taken 25 times
  • The average score is 11 of 20
Answer Stats
Hint Explanation Answer % Correct
The Himalayas Running Through It India is one of the six countries with the Himalayas Yes
90%
A 200 Mile Border With Thailand India shares NO border with Thailand No
86%
5 Land Borders 6- Bangladesh, Bhutan, China, Myanmar, Nepal, Pakistan Yes
76%
Wild Lions, Tigers And Bears (Oh My!) There are around 27,500 bears, 891 lions and 3,700 tigers roaming India Yes
76%
20 Official Languages 22, actually! Yes
71%
A Standard Time Offset From The UTC By Half An Hour In One State Indian Standard Time UTC +5:30 Yes
67%
100 Million Muslims India's 200 Million Muslims are 11% of the Earth's Muslim Population Yes
67%
An Old Wonder Of The World The Greeks usually didn't travel this far No
62%
The Most Populated Capital Urban Area After Japan No
57%
The Most Wild Elephants Out Of Any Country Not surprisingly, Botswana, Zimbabwe and Tanzania beat India No
57%
Direct Flights To All Its Neighboring Countries No Direct flights exist between India and Pakistan (shocker) No
57%
The Third Tallest Mountain On Earth Kangchenjunga, straddling the Nepali border, is 28,169 feet tall Yes
57%
An Active Volcano India has one active volcano, Barren Island, located in the Andaman and Nicobar Islands Yes
57%
An Island With 20M People Salsette Island, home to Mumbai, has 24M people Yes
52%
Borders With 4 Of The Ten Most Populated Countries China, Pakistan and Bangladesh all make top ten, but no other country that borders India does No
48%
The Most People In Extreme Poverty Of Any Country After Nigeria and the DRC No
38%
The Rainiest Place On Earth Mawsynram is reportedly the wettest place on Earth, with an average annual rainfall of 11,872 millimetres (467.4 in) Yes
38%
More People Than Africa About 100M less No
33%
Ten Megacities Citypopulation.de says there are 6 in India No
29%
10 Million International Tourists 9.5 Million in 2024 No
5%
No matching quizzes found
Score Distribution
Percent of People with Each Score
Percentile by Number Answered
Your Score History
You have not taken this quiz